000 00464nam a22001577a 4500
005 20231116133204.0
008 231116b |||||||| |||| 00| 0 eng d
041 _aEnglish
082 _a343.9 MOT
100 _aJacobs, T
_lEnglish
245 _aMotor Vehicle Accidents /
_cT Jacobs
260 _aWindhoek :
_bLaw Society of Namibia
_c1995
300 _b20 pages ;
_c30,5 cm.
650 _aLegal practice
_bLaw
942 _cBK
_6ALISON_BN_VRIES
999 _c735
_d735